000 00333nam a2200133Ia 4500
005 20260328104321.0
008 260328s9999||||xx |||||||||||||| ||und||
100 _aMutis, Álvaro
245 0 _aSánchez Arquitectos y Asociados /
_cÁlvaro Mutis
260 _bGustavo Gili
300 _a72 p.
650 _aARQUITECTOS
942 _cBK
999 _c11345
_d11345